| 000 | 00625nam a2200205 a 4500 | ||
|---|---|---|---|
| 005 | 20240806064029.0 | ||
| 008 | 991125s1950 mx 000 0 spa u | ||
| 020 | _a9684030576 | ||
| 035 | _aUPN01000056572 | ||
| 049 | _aCG | ||
| 050 | 4 |
_aPS3539 R38 _bT4 |
|
| 100 | 1 |
_aTraven, Bruno, _d1890-1969 _929464 |
|
| 245 | 1 | 3 |
_aEl tesoro de la sierra madre / _cBruno Traven ; tr. Esperanza López Mateos. |
| 260 |
_aMéxico : _bCompañía General de Ediciones, _c1950. |
||
| 300 | _a381 p. | ||
| 440 | 0 | _aIdeas, letras y vida | |
| 650 | 4 |
_aLiteratura estadounidense _95229 |
|
| 650 | 4 |
_aLiteratura mexicana _94466 |
|
| 905 | _aLibro | ||
| 999 |
_c56572 _d56572 |
||